| 000 | 00940cam a22002895a 4500 | ||
|---|---|---|---|
| 001 | 16385718 | ||
| 005 | 20201128021223.0 | ||
| 008 | 100810t2012 enka frb 001 0 eng d | ||
| 020 | _a1292056584 | ||
| 020 | _a9781292056586 | ||
| 040 |
_aDLC _beng _cDLC _dEG-ScBUE |
||
| 082 | 0 | 4 |
_222 _a659.2 _bWIL |
| 100 | 1 |
_aWilcox, Dennis L. _92217 |
|
| 245 | 1 | 0 |
_aPublic relations : _bstrategies and tactics / _cDennis L. Wilcox, Glen T. Cameron, Bryan H. Reber. |
| 250 | _a11th ed., Global ed. | ||
| 260 |
_aHarlow, Essex : _bPearson Education Limited, _cc.2015. |
||
| 300 |
_a624 p. : _bill. (col.) ; _c26 cm. |
||
| 500 | _aIndex : p. 604-619. | ||
| 504 | _aBibliography : p. 597-603. | ||
| 650 | 0 |
_aPublic relations. _2BUEsh _929090 |
|
| 651 | _2BUEsh | ||
| 653 |
_bBUSADM _cMarch2015 _bCOMAME _cAugust2015 |
||
| 653 |
_bCOMAME _cAugust 2016 |
||
| 700 | 1 |
_aCameron, Glen T. _929091 |
|
| 700 | 1 | _aReber, Bryan H. | |
| 942 |
_2ddc _cBB _k659.2 WIL |
||
| 999 |
_c19074 _d19046 |
||